000 00223 a2200097 4500
001 38714
100 _aKhawar Usman
245 _aHaryalyon kay Das main
260 _aLahore
_bAhmad Publishers
_c1996
090 _c24534
_d24534
942 _aNUST-CAE
_cM
_c16152
999 _c273787
_d273787